La casa caramelo de la bruja / (Registro nro. 6102)
[ vista simple ]
| 000 -CABECERA | |
|---|---|
| campo de control de longitud fija | 01208cam a2200217 a 4500 |
| 001 - NÚMERO DE CONTROL | |
| campo de control | 000006307 |
| 005 - FECHA Y HORA DE LA ÚLTIMA TRANSACCIÓN | |
| campo de control | 20200929153918.0 |
| 008 - DATOS DE LONGITUD FIJA--INFORMACIÓN GENERAL | |
| campo de control de longitud fija | 940425s1993 ve 001 0 spa |
| 020 ## - NÚMERO INTERNACIONAL ESTÁNDAR DEL LIBRO | |
| Número Internacional Estándar del Libro | 9802531235 |
| 040 ## - FUENTE DE LA CATALOGACIÓN | |
| Centro catalogador/agencia de origen | DO-SdBNP |
| Lengua de catalogación | spa |
| Centro/agencia transcriptor | BNPHU |
| 082 ## - NÚMERO DE LA CLASIFICACIÓN DECIMAL DEWEY | |
| Número de clasificación | V861.44 |
| Número de documento/Ítem | J27c |
| 100 1# - ENTRADA PRINCIPAL--NOMBRE DE PERSONA | |
| Nombre de persona | James, Miguel, |
| Fechas asociadas al nombre | 1953- |
| 9 (RLIN) | 17598 |
| 245 13 - MENCIÓN DE TÍTULO | |
| Título | La casa caramelo de la bruja / |
| Mención de responsabilidad, etc. | Miguel James. |
| 260 ## - PUBLICACIÓN, DISTRIBUCIÓN, ETC. | |
| Lugar de publicación, distribución, etc. | Caracas, Venezuela : |
| Nombre del editor, distribuidor, etc. | FUNDARTE. Alcaldía de Caracas, |
| Fecha de publicación, distribución, etc. | 1993. |
| 300 ## - DESCRIPCIÓN FÍSICA | |
| Extensión | 83 p. ; |
| Dimensiones | 21 cm. |
| 490 1# - MENCIÓN DE SERIE | |
| Mención de serie | Cuadernos de difusión |
| Designación de volumen o secuencia | no. 202. |
| Mención de serie | Poesia |
| 520 1# - SUMARIO, ETC. | |
| Sumario, etc. | "Pese al escaso Reconocimiento crítico de su obra, en esta, asi como en sus anteriores colecciones Itala-Mi novia como flores (1988) y Albanel Tuttifrutti, Blanca y otras (1990) - Miguel James incluye Algunos de los poemas mas original provocativos que se hayan escrito en Venezuela la segunda mitad del siglo XX. ingenuo El tono con que la vida erótica, la rutina urbana, la literatura y la cultura de masas se mezclan, crea un discurso irreverente, pero a la vez espiritual " - Handbook of Latin American Studies, vol 58. |
| 650 #4 - PUNTO DE ACCESO ADICIONAL DE MATERIA--TÉRMINO DE MATERIA | |
| Término de materia o nombre geográfico como elemento de entrada | Poesía venezolana |
| 9 (RLIN) | 4230 |
| 650 #4 - PUNTO DE ACCESO ADICIONAL DE MATERIA--TÉRMINO DE MATERIA | |
| Término de materia o nombre geográfico como elemento de entrada | Literatura venezolana |
| 9 (RLIN) | 3816 |
| 830 #0 - PUNTO DE ACCESO ADICIONAL DE SERIE-TÍTULO UNIFORME | |
| Título uniforme | Cuadernos de difusión ; |
| Designación de volumen o secuencia | no. 202. |
| 9 (RLIN) | 6694 |
| Estado de retiro | Estado de pérdida | Restricciones de uso | No para préstamo | Código de colección | Localización permanente | Ubicación/localización actual | Ubicación en estantería | Fecha de adquisición | Número de inventario | Total de préstamos | Signatura topográfica completa | Código de barras | Fecha visto por última vez | Precio válido a partir de | Tipo de ítem Koha | Número de copia |
|---|---|---|---|---|---|---|---|---|---|---|---|---|---|---|---|---|
| Excluido de préstamo | Monografías: Libros y Folletos | General | General | Depósito | 27.08.2009 | LF1 | V861.44 J27c | 6307-10 | 25.06.2020 | 25.06.2020 | No se presta | |||||
| Extraviado | Excluido de préstamo | Monografías: Libros y Folletos | General | General | Extraviado | 26.05.2017 | LF1 | V861.44 J27c | 6307-20 | 25.06.2020 | 25.06.2020 | No se presta | e. 2 |
